书目信息 |
| 题名: |
机械制造工艺及夹具设计
|
|
| 作者: | 冒爱琴 , 程洋 , 许宁萍 主编 | |
| 分册: | ||
| 出版信息: | 延吉 延边大学出版社 2020.08 |
|
| 页数: | 150页 | |
| 开本: | 26cm | |
| 丛书名: | ||
| 单 册: | ||
| 中图分类: | TH16 , TG750.2 | |
| 科图分类: | ||
| 主题词: | 机械制造工艺--ji xie zhi zao gong yi , 机床夹具--ji chuang jia ju--设计 | |
| 电子资源: | ||
| ISBN: | 978-7-5688-7242-3 | |
| 000 | 01081nam0 2200277 450 | |
| 001 | 2246763361 | |
| 005 | 20220915125944.28 | |
| 010 | @a978-7-5688-7242-3@dCNY54.00 | |
| 100 | @a20200817d2020 em y0chiy50 ea | |
| 101 | 0 | @achi |
| 102 | @aCN@b220000 | |
| 105 | @aa a 000yy | |
| 200 | 1 | @a机械制造工艺及夹具设计@Aji xie zhi zao gong yi ji jia ju she ji@f冒爱琴, 程洋, 许宁萍主编 |
| 210 | @a延吉@c延边大学出版社@d2020.08 | |
| 215 | @a150页@c图@d26cm | |
| 320 | @a有书目 (第150页) | |
| 330 | @a本书坚持工学结合、知行合一的原则, 注重教育与生产劳动和社会实践的结合, 突出做中学、做中教, 强化教育教学的实践性和职业性, 促进学以致用、用以促学、用学相长, 注重学生机械制造技术应用能力与工程素养两个方面的培养, 旨在提高学生解决生产一线实际问题的能力。 | |
| 606 | 0 | @a机械制造工艺@Aji xie zhi zao gong yi |
| 606 | 0 | @a机床夹具@Aji chuang jia ju@x设计 |
| 690 | @aTH16@v5 | |
| 690 | @aTG750.2@v5 | |
| 701 | 0 | @a冒爱琴@Amao ai qin@4主编 |
| 701 | 0 | @a程洋@Acheng yang@4主编 |
| 701 | 0 | @a许宁萍@Axu ning ping@4主编 |
| 801 | 0 | @aCN@b人天书店@c20200817 |
| 905 | @aZUCC@dTH16@e19 | |
| 机械制造工艺及夹具设计/冒爱琴, 程洋, 许宁萍主编.-延吉:延边大学出版社,2020.08 |
| 150页:图;26cm |
| ISBN 978-7-5688-7242-3:CNY54.00 |
| 本书坚持工学结合、知行合一的原则, 注重教育与生产劳动和社会实践的结合, 突出做中学、做中教, 强化教育教学的实践性和职业性, 促进学以致用、用以促学、用学相长, 注重学生机械制造技术应用能力与工程素养两个方面的培养, 旨在提高学生解决生产一线实际问题的能力。 |
| ● |
| 相关链接 |
|
|
|
正题名:机械制造工艺及夹具设计
索取号:TH16/19
 
预约/预借
| 序号 | 登录号 | 条形码 | 馆藏地/架位号 | 状态 | 备注 |
| 1 | 2000891587 | 2000891587 | 第三书库/ [索取号:TH16/19] | 在馆 | |
| 2 | 2000891588 | 2000891588 | 第三书库/ [索取号:TH16/19] | 在馆 | |
| 3 | 2000891589 | 2000891589 | 第三书库/ [索取号:TH16/19] | 在馆 |